Logaritmické pravítko : užití jeho pro praktickou potřebu inženýrů, stavitelů a škol /

Hlavní autor: Havlíček, Václav, 1878-
Jazyk: Čeština
Vydáno: Praha : I.L. Kober, 1921
Vydání: 2. vyd.
Fyzický popis: 20 s.
Knihy
Uloženo v:
LEADER 00665nam a22002172a 4500
001 001335086
003 CZ BrMZK
005 20131013121336.0
007 ta
008 131013s1921 xr er|||||||||||cze d
040 |a BOA001  |b cze 
100 1 |a Havlíček, Václav,  |d 1878-  |7 jk01040354  |4 aut 
245 1 0 |a Logaritmické pravítko :  |b užití jeho pro praktickou potřebu inženýrů, stavitelů a škol /  |c Václav Havlíček 
250 |a 2. vyd. 
260 |a Praha :  |b I.L. Kober,  |c 1921 
300 |a 20 s. 
910 |a BOA001  |b 2-0607.638 
990 |a BK 
993 |a Y 
991 |b 201310 
996 7 |b 2619005443  |c 2-0607.638  |l HP2  |r DEN  |n 0  |w 001370096  |u 000010  |a 1  |e BOA001  |j MZK50  |s A